000 00818nas a2200277 4500
001 BR0100404
003 BR-BrBNA
005 20231205102018.0
007 ta
008 230509b bl.|||p| |||| 00| 00por d
040 _aBR-BrBNA
_bpor
_cBiblioteca Nacional de Agricultura
041 _a(Pt)
072 _aF61
100 1 _aPauletti, V.
100 1 _aCosta, L.C.
245 1 _aEpoca de aplicacao de nitrogenio no milho cultivado em sucessao a aveia preta no sistema plantio direto
650 _aMilho
650 _aAveia
650 _aNitrogenio
650 _aPlantio Direto
650 _aEpoca de Aplicacao
650 _aPARANÁ
773 0 _tCiencia Rural (Brazil)
_xISSN 0103-8478
_g(Jul-Aug 2000), v. 30(4) p. 599-603
_wBR0100404
909 _a202311
_bLúcia
_c55
_dLúcia Elande
942 _2AGRIS
_n0
_cANA
999 _c165254
_d165254